Decentralised governance and development / (Record no. 28635)

MARC details
000 -LEADER
fixed length control field 00868nam a22002297a 4500
005 - DATE AND TIME OF LATEST TRANSACTION
control field 2009072404594.0
008 - FIXED-LENGTH DATA ELEMENTS--GENERAL INFORMATION
fixed length control field 090724t xxu||||| |||| 00| 0 eng d
010 ## - LCCN (DPL NO)
LC control number ENG-94548
020 ## - INTERNATIONAL STANDARD BOOK NUMBER
International Standard Book Number 9788184501551
Terms of availability 900.00
035 ## - SYSTEM CONTROL NUMBER
System control number EN-78081
037 ## - SOURCE OF ACQUISITION
Source of stock number/acquisition DBAD / PUB
040 ## - CATALOGING SOURCE
Original cataloging agency dpl
Language of cataloging English
082 ## - DEWEY DECIMAL CLASSIFICATION NUMBER
Classification number 320.891724
245 ## - TITLE STATEMENT
Title Decentralised governance and development /
Statement of responsibility, etc edited by T.M. Joseph
260 ## - PUBLICATION, DISTRIBUTION, ETC. (IMPRINT)
Place of publication, distribution, etc New Delhi
Name of publisher, distributor, etc Deep & Deep Publications
Date of publication, distribution, etc 2009
270 ## - ADDRESS
Address F-159, Rajouri Garden
City New Delhi
Postal code 110027
300 ## - PHYSICAL DESCRIPTION
Extent xx, 244p.
Dimensions 23cm (Hb)
500 ## - GENERAL NOTE
General note Includes references and index
700 ## - ADDED ENTRY--PERSONAL NAME
Personal name Joseph, T.M.
942 ## - ADDED ENTRY ELEMENTS (KOHA)
Source of classification or shelving scheme Dewey Decimal Classification
Item type English Books
Classification part 320.891724
Call number suffix DEC
Holdings
Withdrawn status Lost status Source of classification or shelving scheme Damaged status Not for loan Collection code Home library Current library Date acquired Source of acquisition Cost, normal purchase price Total Checkouts Full call number Barcode Date last seen Copy number Cost, replacement price Koha item type
    Dewey Decimal Classification   Not For Loan Non-fiction D.B.Act.Division D.B.Act.Division 24/07/2009 DBAD / PUB 900.00   320.891724 DEC EN-78081 24/07/2009 1 900.00 English Books

© Delhi Public Library
Hit Counter
free hit counter